| 000 | 01285nac a22004217a 4500 | ||
|---|---|---|---|
| 001 | BR0104574 | ||
| 003 | BR-BrBNA | ||
| 005 | 20240105122633.0 | ||
| 008 | 230509b bl.|||m| |||| 00| 0 por d | ||
| 040 |
_aBR-BrBNA _bpor _cBiblioteca Nacional de Agricultura |
||
| 072 | _aF03; J10 | ||
| 090 | _a3575 BR0104574 | ||
| 100 | 1 | _aKrzyzanowski, F.C. | |
| 100 | 1 | _aFranca Neto, J. de B. | |
| 100 | 1 | _aGroth, D.(eds.) | |
| 110 | 1 |
_aAssociacao Brasileira de Tecnologia de Sementes, Curitiba, PR (Brasil) _9331 |
|
| 111 | 1 |
_a12. Congresso Brasileiro de Sementes _cCuritiba, PR (Brazil) _d17-20 Sep 2001 |
|
| 245 | 1 | _a12. Congresso Brasileiro de Sementes; edicao especial | |
| 250 | 1 | _aed. especial | |
| 260 | 3 |
_aCuritiba, PR (Brasil): _c2001. |
|
| 300 | _a145 p. | ||
| 490 |
_aInformativo ABRATES (Brazil) _vno. 2 _xISSN 0103-667X |
||
| 500 | _aSummary only | ||
| 650 | _aSemente | ||
| 650 | _aGerminacao | ||
| 650 | _aIrrigacao | ||
| 650 | _aAdubacao | ||
| 650 | _aQualidade | ||
| 650 | _aAnalise Quimica | ||
| 650 | _aArmazenamento | ||
| 650 | _aSecagem | ||
| 650 | _aCertificacao de Semente | ||
| 650 | _aDoenca de Planta | ||
| 650 | _aPraga de Planta | ||
| 650 | _aTratamento | ||
| 909 |
_a202312 _bLúcia Elande _c55 _dLúcia Elande |
||
| 942 |
_2AGRIS _n0 _cMS |
||
| 999 |
_c292043 _d292043 |
||